Etica y psicoanálisis /

Guardado en:
Autor Principal: Fromm, Erich
Formato: Libro
Publicado: México : Fondo de Cultura Econ¢mica, 1985
Series:Breviarios, 74
Materias:
Etiquetas: Agregar Etiqueta
Sin Etiquetas, Sea el primero en etiquetar este registro!
LEADER 00483nam a22001815a 4500
001 CEM.cems007000
005 20060214000000.0
008 130507s1985##################000#0#####d
003 CEMS
082 0 4 |a 170 
100 1 |a Fromm, Erich 
245 1 0 |a Etica y psicoanálisis / 
260 |a México :  |b Fondo de Cultura Econ¢mica,  |c 1985 
300 |a 278 p. 
490 0 |a Breviarios, 74 
653 |a Etica 
653 |a Psicoanalisis 
859 |a CEMS  |b BIB. CEMS - 11 de abril  |h 170  |i F927  |p 16262.91  |t Ej.1